1382 1598 1368 1053 1492 1828 1305 1349 1056 1395 1439 1384 1648 1718 1382 1576 1619 1289 1945 1203 1902 1321 1932 1466 1518 1297 1364 1786 1381 1840 1880 1528 1590 1486 1159 1972 1721 1267 1962 1640 1593 1436 1618 1969 1724 1764 1224 1102 1107 1348 1279 1327 1612 1653 1326 1053 1229 1877 1711 1847 1653 1039 1902 1691 1732 1275 1358 1011 1196 1543 1956 1442 1086 1031 1163 1232 1489 1694 1414 1399 1424 1156 1278 1753 1832 1998 1893 1972 1759 1776 1882 1739 1280 1761 1818 1840 1835 1024 1163 BCNSPRNW ULIB Ver.6.0+V

เปลี่ยนเป็นภาษาไทย

Change to English
 แสดงรายละเอียดบรรณานุกรม
  กลับหน้าหลัก

Brief Record : Get Marc (ISO 2709) : E-mail record : QR code < ปิดหน้าต่าง
LEADER : 00000nam 2200000uu 4500
001    13399107955
003     ULIB
008    110211s2552||||th 000 0 tha d
020    9749717945
060 04 WQ100^bต367 2552
245 00 ตำราสูติศาสตร์ =^bTextbook of obstetrics /^cบรรณาธิการ,มานี ปิยะอนันต์, ชาญชัย วันทนาศิริ, ประเสริฐ ศันสนีย์วิทยกุล
246 30 สูติศาสตร์
246 31 Textbook of obstetrics
250    พิมพ์ครั้งที 3
260    กรุงเทพฯ ^bภาควิชาสูติศาสตร์-นรีเวชวิทยาคณะแพทยศาสตร์ศิริราชพยาบาล,^c2552
300    463 หน้า :^bภาพประกอบ ;^c30 ซม.
500    ชื่อเรื่องจากปกนอก
650  7 การคลอด
650  7 ภาวะแทรกซ้อนขณะตั้งครรภ์
650  7 สูติศาสตร์
653    ผลงานอาจารย์คณะแพทยศาสตร์ศิริราชพยาบาล
700 0  มานี ปิยะอนันต์,^eบรรณาธิการ
700 0  ชาญชัย วันทนาศิริ,^eบรรณาธิการ
700 0  ประเสริฐ คันสนีย์วิทยกุล,^eบรรณาธิการ
710 2  มหาวิทยาลัยมหิดล. ^bคณะแพทยศาสตร์ศิริราชพยาบาล.^bภาควิชาสูติศาสตร์-นรีเวชวิทยา
945    ^p400^l0^i026942
945    ^p400^l0^i026941
945    ^p400^l0^i026940
945    ^p400^l0^i025849
945    ^p400^l0^i025848
945    ^p400^l0^i018848
945    ^p400^l0^i025850
995    ทศพร
999 ^a ใช้งานได้ทุกระบบ
รายการนี้ยังไม่มีแท็ก
คุณยังไม่ได้ล็อกอิน คุณสามารถมีกิจกรรมร่วมกับเว็บไซต์ได้ แต่ต้องล็อกอินก่อน ::
  ล็อกอิน

รายการสื่อสารสนเทศ

ลำดับที่ ประเภท เลขเรียก/บาร์โค้ด สถานที่ สถานะ
- ไม่พบข้อมูล -

รายการใกล้เคียง
    หัวเรื่อง [การคลอด]
    หัวเรื่อง [ภาวะแทรกซ้อนขณะตั้งครรภ์]
    หัวเรื่อง [สูติศาสตร์]

BibComment


ยังไม่เคยถูกคอมเมนท์

คอมเมนท์ทรัพยากรรายการนี้
  คอมเมนท์: ตำราสูติศาสตร์ T..


 Copyright 2026. Bcnsprnw @Library